00405nam a22000977a 4500008004100000020002200041082001800063245015800081260005600239300001200295230619b xxu||||| |||| 00| 0 eng d a978-9966-008-62-6 a610bCHI 2011 aThe Community Assessment Handbook:bA framework and tools for actively learning about community needs and strength and setting priorities /cJohn Chikati aNairobi, KenyabREPARED Publishing Departmentc2011 axi, 80p